000 00792nam a22002057a 4500
003 OSt
005 20221026161035.0
008 221026b |||||||| |||| 00| 0 eng d
040 _cBiblioteca Lado V
082 _a708
_bL123f
110 _9195
_aLABoral Centro de Arte y Creación Industrial
245 _aFeedback/
_bArte que responde a Instrucciones a Inputs, o a su Entorno/
246 _aFeedback/
_bArt Responsive to instructions, Input, or its environment/
260 _aEspaña
_bGobierno del Principado de Asturias
_c2007
300 _a288p.
_c26x20cm
650 _2Tesauro de Arte & Arquitectura
_aARTE RESPONSIVO
650 _2Tesauro de Arte & Arquitectura
_aENTORNO
650 _2Tesauro de Arte & Arquitectura
_aESPANA
942 _2ddc
_c1
_h708
_iL123f
_n0
999 _c2341
_d2341